00676nam a22002177a 450000500170000000600190001700700030003600800410003901000170008002000230009703500170012003700570013704000120019408200170020624500520022326000330027526000420030827000360035027000380038630000340042420080605124127.0a|||||r|||||00| 0 ta080605t xxu||||| |||| 00| 0 eng d aB-263660-665 a0755454065c135.00 aB-263660-665 a562bStar Book Point/4.5.08/4/8.4.08/19.5.08/135.00/ aDPLbEN a796.48 / OLY aOlympics:binteresting facts about the olympics aBathbRobert Frederickc2007 aDelhibStar Book Point (Vendor)c2007 a4 North ParadebBath BA1 1LF UK aDelhibG/146 Geeta Colonye110031 a45p.bcol. photosc27 cm (Hb)